Tính thống nhất của các quy định về chào bán cổ phần theo Luật doanh nghiệp năm 2005 và Luật chứng khoán năm 2006 /
Gorde:
| Egile nagusia: | |
|---|---|
| Formatua: | Artikulua |
| Hizkuntza: | Vietnamese |
| Gaiak: | |
| Etiketak: |
Etiketa erantsi
Etiketarik gabe, Izan zaitez lehena erregistro honi etiketa jartzen!
|
| Thư viện lưu trữ: | Thư viện Trường Đại học Đà Lạt |
|---|
| LEADER | 00857nam a2200277 4500 | ||
|---|---|---|---|
| 001 | DLU060055277 | ||
| 040 | # | # | |a DLU |b vie |
| 041 | # | # | |a vie |
| 044 | # | # | |a vn |
| 100 | # | # | |a Nguyễn Minh Hằng. |
| 245 | # | # | |a Tính thống nhất của các quy định về chào bán cổ phần theo Luật doanh nghiệp năm 2005 và Luật chứng khoán năm 2006 / |c Nguyễn Minh Hằng. |
| 653 | # | # | |a Cổ phần |
| 653 | # | # | |a Luật chứng khoán |
| 653 | # | # | |a Luật doanh nghiệp |
| 773 | # | # | |t Luật học |g Số 8, 2006, tr. 31-36 |
| 920 | # | # | |a Phòng Tạp chí -- Trung tâm Thông tin - Thư viện Trường Đại học Đà Lạt |
| 933 | # | # | |a LH |
| 933 | # | # | |a QT |
| 994 | # | # | |a DLU |
| 900 | # | # | |a True |
| 911 | # | # | |a Nguyễn Thị Minh Cầm |
| 925 | # | # | |a G |
| 926 | # | # | |a A |
| 927 | # | # | |a BB |
| 980 | # | # | |a Thư viện Trường Đại học Đà Lạt |